[Event "SLO-chT Central 18th"]
[White "Majcen, Zoran"]
[Black "Tansek, Branko"]
[Site "Slovenia"]
[Round "2.4"]
[Result "1/2-1/2"]
[Date "2017.09.21"]
[WhiteElo "1818"]
[BlackElo "1566"]
[PlyCount "126"]
[EventDate "2017.09.14"]
[EventType "team-tourn"]
[EventRounds "7"]
[EventCountry "SLO"]
[SourceTitle "EXT 2019"]
[Source "ChessBase"]
[SourceDate "2018.10.10"]
[SourceVersion "1"]
[SourceVersionDate "2018.10.10"]
[SourceQuality "1"]
[WhiteTeam "Bor Dob"]
[BlackTeam "Klinicni Center"]
[WhiteTeamCountry "SLO"]
[BlackTeamCountry "SLO"]

1. d4 d5 2. Bf4 e6 3. Nf3 Nc6 4. e3 a6 5. a3 Nf6 6. h3 Bd7 7. c4 Be7 8. Nc3 dxc4 9. Bxc4 0-0 10. 0-0 h6 11. Rc1 Rc8 12. Bd3 Bd6 13. Ne2 Bxf4 14. Nxf4 Re8 15. Bb1 e5 16. dxe5 Nxe5 17. Nxe5 Rxe5 18. Qc2 Bc6 19. Rfd1 Qe7 20. Qb3 Qe8 21. Rd4 Rd8 22. Rcd1 Rxd4 23. Rxd4 Re7 24. Bf5 Re5 25. Qd1 Qf8 26. Bc2 Re7 27. Bb3 Rd7 28. Rxd7 Nxd7 29. Qd4 Nf6 30. Ng6 Qd6 31. Qxd6 cxd6 32. Ne7+ Kf8 33. Nf5 d5 34. f3 h5 35. Kf2 g6 36. Nd4 Bd7 37. Ke2 Ke7 38. Kd3 g5 39. a4 Kd6 40. Bc2 Ne8 41. b3 Ke5 42. Bd1 h4 43. Bc2 Nd6 44. f4+ gxf4 45. Nf3+ Kf6 46. exf4 Bf5+ 47. Kd2 Bxc2 48. Kxc2 Nf5 49. Kd3 Ke7 50. Ng5 f6 51. Nf3 Kd6 52. Nh2 Ke6 53. Ng4 b6 54. Nf2 Kd6 55. Ng4 Ke6 56. Nh2 Kd6 57. Nf3 Ke6 58. Ne1 Kd6 59. Nc2 Kc5 60. Kc3 Kd6 61. Nb4 a5 62. Nc2 Kc5 63. Kd3 Nd6 1/2-1/2

[Event "SLO-chT Central Superliga 16th"]
[White "Lucovnik, Tilen"]
[Black "Majcen, Zoran"]
[Site "Slovenia"]
[Round "5.3"]
[Result "1-0"]
[Date "2015.10.22"]
[WhiteElo "2059"]
[BlackElo "1843"]
[PlyCount "127"]
[EventDate "2015.09.10"]
[EventType "team-tourn"]
[EventRounds "9"]
[EventCountry "SLO"]
[SourceTitle "EXT 2022"]
[Source "ChessBase"]
[SourceDate "2021.10.06"]
[SourceVersion "1"]
[SourceVersionDate "2021.10.06"]
[SourceQuality "1"]
[WhiteTeam "Komenda Popotnik"]
[BlackTeam "Bor Dob"]
[WhiteTeamCountry "SLO"]
[BlackTeamCountry "SLO"]

1. e4 e6 2. d3 d5 3. Nd2 dxe4 4. dxe4 Nf6 5. Ngf3 Bc5 6. h3 a6 7. Bd3 Nc6 8. 0-0 Nb4 9. Be2 0-0 10. c3 Nc6 11. Qc2 Qe7 12. Nb3 Bb6 13. e5 Nd7 14. Bg5 f6 15. exf6 Nxf6 16. Bd3 h6 17. Bh4 Bd7 18. Nbd2 Qc5 19. Bxf6 gxf6 20. Ne4 Qh5 21. Ng3 Qf7 22. Bg6 Qg7 23. Nh5 Qh8 24. Rad1 Rad8 25. Qe4 f5 26. Qf4 Bc8 27. Qg3 f4 28. Nxf4 Qf6 29. Nh5 Qe7 30. Bc2+ Kh8 31. Rxd8 Rxd8 32. Qg6 Rf8 33. Qxh6+ Kg8 34. Ng5 e5 35. Bh7+ Kh8 36. Bg6+ Kg8 37. Bf7+ Rxf7 38. Nxf7 Kxf7 39. Qg7+ Ke6 40. Qg4+ Kf7 41. Qxc8 Qg5 42. Qd7+ Kg6 43. Qg4 Qxg4 44. hxg4 Kg5 45. Re1 Kxg4 46. Nf6+ Kf5 47. Nd5 Ba7 48. Nxc7 e4 49. Nd5 Ne5 50. Ne3+ Kf4 51. Nd1 Nd3 52. Re2 Nc1 53. Rd2 Nd3 54. Kf1 Bb6 55. Rc2 a5 56. Ke2 Ke5 57. g3 Bd8 58. f3 Bc7 59. Nf2 Nxf2 60. Kxf2 Bb6+ 61. Ke2 a4 62. b3 a3 63. Rd2 Bg1 64. Rd7 1-0

[Event "Ljubljana-chT 68th 1st League"]
[White "Peric, Bernard"]
[Black "Majcen, Zoran"]
[Site "Ljubljana"]
[Round "2.1"]
[Result "1-0"]
[Date "2015.01.15"]
[WhiteElo "2057"]
[BlackElo "1844"]
[PlyCount "85"]
[EventDate "2015.01.08"]
[EventType "team-tourn"]
[EventRounds "9"]
[EventCountry "SLO"]
[SourceTitle "EXT 2022"]
[Source "ChessBase"]
[SourceDate "2021.10.06"]
[SourceVersion "1"]
[SourceVersionDate "2021.10.06"]
[SourceQuality "1"]
[WhiteTeam "Zagorje ob Savi"]
[BlackTeam "Bor Dob"]
[WhiteTeamCountry "SLO"]
[BlackTeamCountry "SLO"]

1. d4 Nf6 2. Bg5 g6 3. Bxf6 exf6 4. g3 Bg7 5. Bg2 d5 6. e3 c6 7. Ne2 0-0 8. 0-0 Qb6 9. b3 Na6 10. Nd2 Bg4 11. h3 Be6 12. c4 Rfd8 13. Nf4 dxc4 14. bxc4 Nc7 15. Rb1 Qa6 16. Qb3 Rab8 17. d5 cxd5 18. cxd5 Bf5 19. e4 Bc8 20. Rfc1 Ne8 21. Bf1 Qd6 22. Nc4 Qf8 23. Na5 Bd7 24. Ne6 fxe6 25. dxe6 Kh8 26. exd7 Rxd7 27. Qa4 Rd2 28. Rxb7 Rbd8 29. Nc4 Qc5 30. Qxa7 Qc6 31. Nxd2 Qxc1 32. Rd7 Rc8 33. Qd4 f5 34. e5 g5 35. Rd8 Qc7 36. Rxc8 Qxc8 37. Bc4 Nc7 38. Qd6 Ne8 39. Qd5 Nc7 40. Qf7 g4 41. hxg4 fxg4 42. Ne4 Bxe5 43. Nf6 1-0

[Event "SLO-chT Central Superliga 15th"]
[White "Majcen, Zoran"]
[Black "Kejzar, Petra"]
[Site "Slovenia"]
[Round "1.3"]
[Result "0-1"]
[Date "2014.09.11"]
[WhiteElo "1861"]
[BlackElo "1990"]
[PlyCount "78"]
[EventDate "2014.09.11"]
[EventType "team-tourn"]
[EventRounds "9"]
[EventCountry "SLO"]
[SourceTitle "EXT 2022"]
[Source "ChessBase"]
[SourceDate "2021.10.06"]
[SourceVersion "1"]
[SourceVersionDate "2021.10.06"]
[SourceQuality "1"]
[WhiteTeam "Bor Dob"]
[BlackTeam "Kranj Tomo Zupan"]
[WhiteTeamCountry "SLO"]
[BlackTeamCountry "SLO"]

1. d4 Nf6 2. Bf4 d6 3. Nf3 Bg4 4. h3 Bh5 5. e3 Nbd7 6. Be2 e6 7. 0-0 Be7 8. c4 0-0 9. Nc3 c5 10. Nd2 Bg6 11. Bf3 cxd4 12. exd4 Qb6 13. Na4 Qxd4 14. Be3 Qd3 15. Bxb7 Rab8 16. Bf3 Nc5 17. Nxc5 dxc5 18. b3 Rfd8 19. Bf4 Bd6 20. Bxd6 Qxd6 21. Nb1 Qe5 22. Nd2 Qc3 23. Qc1 Qxc1 24. Raxc1 Rxd2 25. Rfd1 Rbd8 26. Rxd2 Rxd2 27. Rd1 Rxd1+ 28. Bxd1 a5 29. f3 Kf8 30. Kf2 Ke7 31. Ke3 Kd6 32. Kd2 Ke5 33. Kc3 Nh5 34. Kb2 Kd4 35. Ka3 Nf4 36. Ka4 Nxg2 37. Kxa5 Ne3 38. Kb6 Nxd1 39. a4 Bh5 0-1

[Event "Ljubljana-chT 66th 1st League"]
[White "Majcen, Zoran"]
[Black "Veskovic, Dzemal"]
[Site "Ljubljana"]
[Round "5.2"]
[Result "1/2-1/2"]
[Date "2013.02.14"]
[WhiteElo "1834"]
[BlackElo "1982"]
[PlyCount "69"]
[EventDate "2013.01.10"]
[EventType "team-tourn"]
[EventRounds "9"]
[EventCountry "SLO"]
[SourceTitle "EXT 2022"]
[Source "ChessBase"]
[SourceDate "2021.10.06"]
[SourceVersion "1"]
[SourceVersionDate "2021.10.06"]
[SourceQuality "1"]
[WhiteTeam "Bor Dob"]
[BlackTeam "Crni Graben"]
[WhiteTeamCountry "SLO"]
[BlackTeamCountry "SLO"]

1. d4 e6 2. Nf3 d6 3. Bf4 Nd7 4. e3 Be7 5. c4 a6 6. Nc3 Ngf6 7. h3 0-0 8. Bd3 c5 9. 0-0 b6 10. Rc1 Bb7 11. d5 exd5 12. Nxd5 Nxd5 13. cxd5 g6 14. Bh6 Re8 15. e4 Bf6 16. Qd2 Ne5 17. Nxe5 Bxe5 18. b3 f6 19. Bf4 Qe7 20. Bxe5 fxe5 21. Qh6 Rf8 22. f3 Qf6 23. Kh2 Qf4+ 24. Qxf4 Rxf4 25. g3 Rf6 26. Rf2 Raf8 27. Rcf1 g5 28. g4 h6 29. Kg3 b5 30. Rc2 Bc8 31. a4 Bd7 32. axb5 Bxb5 33. Bxb5 axb5 34. Ra2 Rf4 35. Ra7 1/2-1/2

[Event "Ljubljana-chT 66th 1st League"]
[White "Majcen, Zoran"]
[Black "Guid, Matej"]
[Site "Ljubljana"]
[Round "1.1"]
[Result "0-1"]
[Date "2013.01.10"]
[WhiteElo "1834"]
[BlackElo "2279"]
[PlyCount "74"]
[EventDate "2013.01.10"]
[EventType "team-tourn"]
[EventRounds "9"]
[EventCountry "SLO"]
[SourceTitle "EXT 2022"]
[Source "ChessBase"]
[SourceDate "2021.10.06"]
[SourceVersion "1"]
[SourceVersionDate "2021.10.06"]
[SourceQuality "1"]
[WhiteTeam "Bor Dob"]
[BlackTeam "Mentor"]
[WhiteTeamCountry "SLO"]
[BlackTeamCountry "SLO"]

1. d4 d5 2. Bf4 g6 3. Nf3 Bg7 4. e3 c5 5. c3 Nc6 6. Nbd2 Nf6 7. Nb3 c4 8. Nbd2 Bg4 9. Be2 0-0 10. Ne5 Bxe2 11. Qxe2 Nd7 12. Nxd7 Qxd7 13. Nf3 f6 14. 0-0 e5 15. Bg3 e4 16. Ne1 f5 17. Nc2 g5 18. f4 exf3 19. Qxf3 Rae8 20. Qh5 Qe7 21. Rae1 b5 22. Qf3 Qe6 23. h4 h6 24. hxg5 hxg5 25. Rf2 Rf6 26. Qh5 Rg6 27. Ref1 Ne7 28. Bc7 Rf8 29. Ba5 Rf7 30. g4 f4 31. Qh3 Rh6 32. Qf3 Ng6 33. Rh2 Rxh2 34. Kxh2 Nh4 35. Qh3 Qe4 36. Rf2 fxe3 37. Qxe3 Qxe3 0-1

[Event "SLO-chT Central Superliga 13th"]
[White "Majcen, Zoran"]
[Black "Vidic, Teja"]
[Site "Slovenia"]
[Round "6.3"]
[Result "0-1"]
[Date "2012.10.18"]
[WhiteElo "1841"]
[BlackElo "1868"]
[PlyCount "68"]
[EventDate "2012.09.13"]
[EventType "team-tourn"]
[EventRounds "7"]
[EventCountry "SLO"]
[SourceTitle "EXT 2022"]
[Source "ChessBase"]
[SourceDate "2021.10.06"]
[SourceVersion "1"]
[SourceVersionDate "2021.10.06"]
[SourceQuality "1"]
[WhiteTeam "Bor Dob"]
[BlackTeam "Komenda Pogi"]
[WhiteTeamCountry "SLO"]
[BlackTeamCountry "SLO"]

1. d4 Nf6 2. Bf4 e6 3. Nf3 c5 4. e3 b6 5. Be2 Bb7 6. h3 Be7 7. 0-0 0-0 8. Ne5 Nd5 9. Bf3 d6 10. Nc4 cxd4 11. exd4 Qc7 12. Bxd5 Bxd5 13. Ne3 Bb7 14. Qg4 Bf6 15. c3 e5 16. dxe5 dxe5 17. Bg5 Nd7 18. Rd1 Bxg5 19. Rxd7 Qc6 20. Rxb7 Bxe3 21. Qd7 Qc5 22. fxe3 Qxe3+ 23. Kh2 Qf4+ 24. Kg1 Rad8 25. Qg4 Qc1+ 26. Kh2 Rd1 27. Qf5 Rh1+ 28. Kg3 h5 29. Kh4 Rf1 30. Qxh5 Qe1+ 31. g3 Rf4+ 32. Qg4 Rxg4+ 33. Kxg4 f5+ 34. Kh5 Qxg3 0-1

[Event "SLO-chT Central Superliga 13th"]
[White "Majcen, Zoran"]
[Black "Leben, Dusan"]
[Site "Slovenia"]
[Round "1.3"]
[Result "1/2-1/2"]
[Date "2012.09.13"]
[WhiteElo "1841"]
[BlackElo "1814"]
[PlyCount "122"]
[EventDate "2012.09.13"]
[EventType "team-tourn"]
[EventRounds "7"]
[EventCountry "SLO"]
[SourceTitle "EXT 2022"]
[Source "ChessBase"]
[SourceDate "2021.10.06"]
[SourceVersion "1"]
[SourceVersionDate "2021.10.06"]
[SourceQuality "1"]
[WhiteTeam "Bor Dob"]
[BlackTeam "Podpec GB71"]
[WhiteTeamCountry "SLO"]
[BlackTeamCountry "SLO"]

1. d4 Nf6 2. Bf4 e6 3. Nf3 d5 4. e3 Bd6 5. Bxd6 Qxd6 6. c3 0-0 7. Nbd2 c5 8. Rc1 c4 9. Be2 Nc6 10. 0-0 b5 11. b4 a5 12. a3 axb4 13. axb4 Bb7 14. Ra1 Rxa1 15. Qxa1 Ra8 16. Qb2 Qb8 17. Ra1 Ra7 18. Bd1 Qa8 19. Rxa7 Qxa7 20. Nb1 Ne4 21. Nfd2 f5 22. f3 Nd6 23. Qa3 Kf7 24. Qxa7 Nxa7 25. Kf2 Bc6 26. h3 g5 27. g3 h5 28. h4 g4 29. f4 Nac8 30. Bc2 Nb6 31. Na3 Ke7 32. Ke2 Be8 33. Bd1 Kd8 34. Bc2 Kc7 35. Bd1 Kb7 36. Bc2 Ka6 37. Kd1 Nf7 38. Kc1 Nh8 39. Nf1 Ng6 40. Kd2 Nc8 41. Ke2 Kb6 42. Kf2 Nce7 43. Bd1 Nc6 44. Ke2 Nb8 45. Bc2 Ne7 46. Kd2 Nbc6 47. Bd1 Ng6 48. Ke2 Nb8 49. Kd2 Na6 50. Bc2 Ne7 51. Bd1 Nc6 52. Nc2 Nab8 53. Na3 Nd7 54. Bc2 Nf6 55. Ke2 Ne7 56. Kf2 Nc8 57. Nd2 Nd6 58. Ke2 Ka6 59. Nab1 Nd7 60. Na3 Nb6 61. Kd1 Bd7 1/2-1/2

[Event "SRB Central-ch op-B 5th"]
[White "Arandjelovic, Aleksandar Z"]
[Black "Majcen, Zoran"]
[Site "Paracin"]
[Round "9"]
[Result "1/2-1/2"]
[Date "2012.07.13"]
[WhiteElo "2030"]
[BlackElo "1809"]
[PlyCount "42"]
[EventDate "2012.07.06"]
[EventType "swiss"]
[EventRounds "9"]
[EventCountry "SRB"]
[SourceTitle "CBM 149 Extra"]
[Source "ChessBase"]
[SourceDate "2012.08.24"]
[SourceVersion "1"]
[SourceVersionDate "2012.08.24"]
[SourceQuality "1"]

1. e4 e6 2. d4 d5 3. Nc3 dxe4 4. Nxe4 Nd7 5. Nf3 Be7 6. Bd3 Ngf6 7. Ng3 c5 8. 0-0 0-0 9. c3 b6 10. Bg5 Bb7 11. Re1 Re8 12. Rc1 Rc8 13. Bb1 Qc7 14. Bxf6 Nxf6 15. Ne5 cxd4 16. Nh5 g6 17. Nxf6+ Bxf6 18. cxd4 Qxc1 19. Qxc1 Rxc1 20. Rxc1 Rc8 21. Rxc8+ Bxc8 1/2-1/2

[Event "SRB Central-ch op-B 5th"]
[White "Majcen, Zoran"]
[Black "Glisic, Tomislav"]
[Site "Paracin"]
[Round "6"]
[Result "1-0"]
[Date "2012.07.10"]
[WhiteElo "1809"]
[BlackElo "2075"]
[PlyCount "129"]
[EventDate "2012.07.06"]
[EventType "swiss"]
[EventRounds "9"]
[EventCountry "SRB"]
[SourceTitle "CBM 149 Extra"]
[Source "ChessBase"]
[SourceDate "2012.08.24"]
[SourceVersion "1"]
[SourceVersionDate "2012.08.24"]
[SourceQuality "1"]

1. d4 Nf6 2. Nf3 g6 3. Bf4 Bg7 4. e3 0-0 5. Nbd2 c5 6. c3 Nc6 7. Bd3 d6 8. h3 e5 9. Bh2 Re8 10. dxe5 dxe5 11. Qc2 a6 12. Ne4 b5 13. Nxf6+ Bxf6 14. Rd1 Qb6 15. Be4 Bb7 16. 0-0 Bg7 17. Bd5 h6 18. Qb3 Qc7 19. c4 Na5 20. Qc2 Nxc4 21. Bxb7 Qxb7 22. b3 e4 23. bxc4 exf3 24. gxf3 Qxf3 25. cxb5 Be5 26. Qxc5 Bxh2+ 27. Kxh2 axb5 28. Qxb5 Reb8 29. Qe5 Re8 30. Qb5 Re6 31. Qb2 Rea6 32. Rd2 Rxa2 33. Qxa2 Rxa2 34. Rxa2 g5 35. Rg1 Kg7 36. Rd2 Kg6 37. Rg3 Qe4 38. Rg4 Qe5+ 39. Kg2 f5 40. Rgd4 Kh5 41. R2d3 Qe6 42. Rd6 Qe4+ 43. f3 Qe5 44. Rb6 g4 45. hxg4+ fxg4 46. fxg4+ Kxg4 47. Rb4+ Kh5 48. Rbd4 Qg5+ 49. Kf3 Qf6+ 50. Rf4 Qc6+ 51. e4 Kg5 52. Rd5+ Kg6 53. Rg4+ Kh7 54. Rd3 Qc7 55. Re3 Qf7+ 56. Kg2 Qa2+ 57. Kg1 Qb1+ 58. Kh2 h5 59. Rg1 Qb8+ 60. Kh3 Qf4 61. Rgg3 Kh6 62. Rgf3 Qg4+ 63. Kh2 h4 64. e5 Qe6 65. Rf6+ 1-0

[Event "Ljubljana-chT 65th 1st League"]
[White "Unuk, Laura"]
[Black "Majcen, Zoran"]
[Site "Ljubljana"]
[Round "2.2"]
[Result "1-0"]
[Date "2012.01.19"]
[WhiteElo "1845"]
[BlackElo "1831"]
[PlyCount "85"]
[EventDate "2012.01.12"]
[EventType "team-tourn"]
[EventRounds "9"]
[EventCountry "SLO"]
[SourceTitle "EXT 2022"]
[Source "ChessBase"]
[SourceDate "2021.10.06"]
[SourceVersion "1"]
[SourceVersionDate "2021.10.06"]
[SourceQuality "1"]
[WhiteTeam "Komenda Gaber"]
[BlackTeam "Bor Dob"]
[WhiteTeamCountry "SLO"]
[BlackTeamCountry "SLO"]

1. d4 d5 2. c4 c6 3. Nc3 Bg4 4. cxd5 cxd5 5. Qb3 e6 6. Qxb7 Nd7 7. Bf4 Ngf6 8. e3 Qc8 9. Ba6 Nb6 10. Qxc8+ Rxc8 11. Bxc8 Nxc8 12. Nge2 Nb6 13. 0-0 Be7 14. f3 Bf5 15. Ng3 Bd3 16. Rfd1 Ba6 17. e4 dxe4 18. Ngxe4 0-0 19. Nxf6+ Bxf6 20. Ne4 Bd8 21. Nc5 Bc4 22. b3 Bd5 23. Rac1 h6 24. Na6 g5 25. Bd6 Re8 26. Nc7 Bxc7 27. Rxc7 Nc8 28. Bc5 Kg7 29. Rc1 Kg6 30. Bxa7 Nd6 31. Rd7 Nb5 32. Bc5 Rc8 33. Re1 Nc3 34. a4 Rb8 35. a5 Bxb3 36. a6 Bd5 37. a7 Ra8 38. Kf2 Bc6 39. Rd6 Ba4 40. Ra1 Be8 41. Rb6 Nd5 42. Rb8 Nc7 43. Bd6 1-0

[Event "SLO-chT Central 1st League 12th"]
[White "Mihelic, Bojan"]
[Black "Majcen, Zoran"]
[Site "Slovenia"]
[Round "5.1"]
[Result "0-1"]
[Date "2011.10.13"]
[WhiteElo "1647"]
[BlackElo "1762"]
[PlyCount "106"]
[EventDate "2011.09.08"]
[EventType "team-tourn"]
[EventRounds "9"]
[EventCountry "SLO"]
[SourceTitle "EXT 2022"]
[Source "ChessBase"]
[SourceDate "2021.10.06"]
[SourceVersion "1"]
[SourceVersionDate "2021.10.06"]
[SourceQuality "1"]
[WhiteTeam "Dom In Agencija Neprem"]
[BlackTeam "Bor Dob"]
[WhiteTeamCountry "SLO"]
[BlackTeamCountry "SLO"]

1. d4 d5 2. Nf3 Bg4 3. e3 Nc6 4. c4 Nf6 5. Nc3 a6 6. h3 Bh5 7. a3 e6 8. Be2 Be7 9. 0-0 dxc4 10. Bxc4 0-0 11. b4 Re8 12. Be2 Nd5 13. Bb2 Bf6 14. Nxd5 Qxd5 15. e4 Qxe4 16. Re1 Qd5 17. Rc1 Qd6 18. Rc5 Bg6 19. b5 axb5 20. Bxb5 Reb8 21. a4 Ne7 22. Ne5 c6 23. Bf1 Nf5 24. Nc4 Qd8 25. Ne5 Be7 26. Rc1 Qa5 27. Ra1 Rd8 28. Bc4 Bb4 29. Re2 Bc3 30. Bxc3 Qxc3 31. Rd2 Rxd4 32. Raa2 Rad8 33. Bd3 Ne7 34. Rac2 Qa5 35. Nxg6 hxg6 36. Ra2 Nd5 37. Kf1 Nb4 38. Ra3 Nxd3 39. Rdxd3 Qa6 40. Ke2 Rxd3 41. Rxd3 Qxd3+ 42. Qxd3 Rxd3 43. Kxd3 Kf8 44. a5 Ke7 45. Kd4 Kd6 46. Kc4 e5 47. f3 f5 48. h4 e4 49. f4 Kc7 50. Kd4 c5+ 51. Ke3 Kc6 52. g4 Kb5 53. gxf5 gxf5 0-1